000 00387nam a2200169Ia 4500
008 210210b1931 xxu||||| |||| 00| 0 eng d
041 _aeng
082 _a822/648
100 _aKNOX (E V)
245 _aThis other eden
260 _aLondon
_bMethuen and Company Limited
_c1931
650 _aThis
650 _aother
650 _aeden
690 _aEnglish Prose
906 _a012834
999 _c131656
_d131656